[Event "Bucharest Astral op"]
[Site "Bucharest"]
[Date "2001.04.24"]
[Round "3"]
[White "Panait, Mihai Catalin"]
[Black "Mateuta, Gabriel"]
[Result "1/2-1/2"]
[WhiteElo "2161"]
[BlackElo "2416"]
[PlyCount "48"]
[EventDate "2001.04.22"]
[EventType "swiss"]
[EventRounds "9"]
[EventCountry "ROU"]
[SourceTitle "CBM 082 Extra"]
[Source "ChessBase"]
[SourceDate "2001.07.03"]
[SourceVersion "1"]
[SourceVersionDate "2001.07.03"]
[SourceQuality "1"]

1. d4 Nf6 2. Nf3 d5 3. c4 e6 4. Nc3 Be7 5. Bf4 c6 6. e3 0-0 7. Bd3 Nbd7 8. Rc1 Re8 9. h3 Nf8 10. 0-0 Ng6 11. Bg3 Bd6 12. Ne5 Bxe5 13. dxe5 Nd7 14. f4 a6 15. Qe2 b5 16. cxb5 cxb5 17. b4 Nb6 18. Rfd1 Qe7 19. a3 Bb7 20. Qb2 Red8 21. Bxg6 hxg6 22. Ne2 Nc4 23. Qb3 Rac8 24. Nd4 Rc7 1/2-1/2

[Event "Bucharest Astral op"]
[Site "Bucharest"]
[Date "2001.04.23"]
[Round "2"]
[White "Trajkovic, Predrag"]
[Black "Panait, Mihai Catalin"]
[Result "1-0"]
[WhiteElo "2352"]
[BlackElo "2161"]
[PlyCount "59"]
[EventDate "2001.04.22"]
[EventType "swiss"]
[EventRounds "9"]
[EventCountry "ROU"]
[SourceTitle "CBM 082 Extra"]
[Source "ChessBase"]
[SourceDate "2001.07.03"]
[SourceVersion "1"]
[SourceVersionDate "2001.07.03"]
[SourceQuality "1"]

1. d4 f5 2. Nf3 e6 3. Bf4 Nf6 4. e3 d5 5. c4 c6 6. Nc3 Bd6 7. Ne5 0-0 8. Bd3 Ne4 9. h4 Nxc3 10. bxc3 Qe7 11. c5 Bc7 12. h5 Bxe5 13. Bxe5 Rf7 14. Rb1 Nd7 15. Bd6 Qe8 16. g4 fxg4 17. Qxg4 e5 18. Bg6 Nxc5 19. Bxf7+ Qxf7 20. Qh4 Bf5 21. Rd1 Nd3+ 22. Ke2 Nb2 23. Rdg1 Bd3+ 24. Ke1 Nc4 25. Bxe5 Nxe5 26. dxe5 Rf8 27. Qg3 g6 28. Rh4 Qe7 29. hxg6 Bxg6 30. Rxh7 1-0

[Event "Centrocoop June op-B"]
[Site "Eforie Nord"]
[Date "1998.??.??"]
[Round "?"]
[White "Chirpii, Alexandru"]
[Black "Panait, Mihai Catalin"]
[Result "1-0"]
[WhiteElo "1650"]
[BlackElo "2240"]
[PlyCount "91"]
[EventDate "1998.06.??"]
[EventType "swiss"]
[EventRounds "11"]
[EventCountry "ROU"]
[SourceTitle "EXT 2000"]
[Source "ChessBase"]
[SourceDate "1999.11.16"]
[SourceVersion "1"]
[SourceVersionDate "1999.11.16"]
[SourceQuality "1"]

1. b4 e5 2. Bb2 d6 3. c4 Nd7 4. e3 a5 5. a3 b6 6. Nc3 Ngf6 7. Nf3 Bb7 8. d4 exd4 9. Nxd4 c5 10. Nc2 axb4 11. axb4 Be7 12. Be2 0-0 13. 0-0 Ne5 14. Qd2 Ne4 15. Nxe4 Bxe4 16. b5 Qc7 17. f3 Bb7 18. e4 f5 19. f4 Ng6 20. exf5 Nh4 21. Ne3 Nxf5 22. Nd5 Qd8 23. Bf3 Kh8 24. Nxe7 Qxe7 25. Qe1 Qf7 26. Bxb7 Qxb7 27. Rxa8 Qxa8 28. Qe6 Qc8 29. Qe4 Rg8 30. h3 Qd7 31. Kh2 Qf7 32. g4 Nh6 33. Kg3 Rf8 34. f5 Ng8 35. Re1 Qd7 36. Qe6 Qc7 37. g5 d5+ 38. Be5 Qf7 39. Qxf7 Rxf7 40. cxd5 Rxf5 41. d6 Rf7 42. Rd1 Rd7 43. h4 h6 44. Ra1 Rf7 45. Kg4 Rd7 46. Kf5 1-0

[Event "Centrocoop June op-A"]
[Site "Eforie Nord "]
[Date "1998.??.??"]
[Round "?"]
[White "Kurenkov, Nikolai"]
[Black "Panait, Mihai Catalin"]
[Result "1-0"]
[WhiteElo "2145"]
[BlackElo "2240"]
[PlyCount "85"]
[EventDate "1998.06.??"]
[EventType "swiss"]
[EventRounds "11"]
[EventCountry "ROU"]
[SourceTitle "EXT 2000"]
[Source "ChessBase"]
[SourceDate "1999.11.16"]
[SourceVersion "1"]
[SourceVersionDate "1999.11.16"]
[SourceQuality "1"]

1. e4 c6 2. d4 d5 3. e5 Bf5 4. Nc3 e6 5. g4 Bg6 6. h4 h6 7. h5 Bh7 8. Bd3 Bxd3 9. Qxd3 Nd7 10. Be3 Qa5 11. Nge2 a6 12. f4 c5 13. dxc5 Bxc5 14. Nd4 Bxd4 15. Bxd4 Ne7 16. 0-0-0 Nc6 17. Kb1 Nxd4 18. Qxd4 Qc5 19. Ne2 Qxd4 20. Nxd4 Ke7 21. Kc1 Rac8 22. Kd2 Rc4 23. Ke3 f6 24. exf6+ gxf6 25. c3 Nb8 26. Kf3 Nc6 27. Nc2 e5 28. Ne3 Rxf4+ 29. Kg3 Ra4 30. Nxd5+ Ke6 31. Rhf1 Rf8 32. Nc7+ Ke7 33. Nd5+ Ke6 34. Nb6 Rxa2 35. Nd7 Rf7 36. Nc5+ Ke7 37. Rd7+ Ke8 38. Rxf7 Kxf7 39. Ne4 Rxb2 40. Rxf6+ Ke8 41. g5 hxg5 42. h6 Rb1 43. Nf2 1-0

[Event "Centrocoop June op-B"]
[Site "Eforie Nord"]
[Date "1998.??.??"]
[Round "?"]
[White "Panait, Mihai Catalin"]
[Black "Fedulov, I."]
[Result "1/2-1/2"]
[WhiteElo "2240"]
[BlackElo "1650"]
[PlyCount "32"]
[EventDate "1998.06.??"]
[EventType "swiss"]
[EventRounds "11"]
[EventCountry "ROU"]
[SourceTitle "EXT 2000"]
[Source "ChessBase"]
[SourceDate "1999.11.16"]
[SourceVersion "1"]
[SourceVersionDate "1999.11.16"]
[SourceQuality "1"]

1. e4 e6 2. d4 d5 3. e5 c5 4. c3 Nc6 5. Nf3 Qb6 6. Be2 cxd4 7. cxd4 Nge7 8. Na3 Nf5 9. Nc2 Be7 10. 0-0 0-0 11. Bd3 Bd7 12. Bxf5 exf5 13. b3 Rfe8 14. Bb2 f4 15. Qd2 Nd8 16. Rac1 Ne6 1/2-1/2

[Event "Centrocoop June op-A"]
[Site "Eforie Nord "]
[Date "1998.??.??"]
[Round "?"]
[White "Partac, Elena"]
[Black "Panait, Mihai Catalin"]
[Result "1/2-1/2"]
[WhiteElo "2100"]
[BlackElo "2240"]
[PlyCount "65"]
[EventDate "1998.06.??"]
[EventType "swiss"]
[EventRounds "11"]
[EventCountry "ROU"]
[SourceTitle "EXT 2000"]
[Source "ChessBase"]
[SourceDate "1999.11.16"]
[SourceVersion "1"]
[SourceVersionDate "1999.11.16"]
[SourceQuality "1"]

1. e4 c6 2. d4 d5 3. exd5 cxd5 4. Bd3 Nf6 5. Bf4 Bg4 6. Nf3 Nc6 7. c3 e6 8. Nbd2 Bd6 9. Bxd6 Qxd6 10. 0-0 0-0 11. Qc2 Rac8 12. a3 Rfd8 13. Rae1 a6 14. Ne5 Bh5 15. Qb1 Bg6 16. f4 Bxd3 17. Qxd3 Nd7 18. Ndf3 f6 19. Nxd7 Qxd7 20. Nd2 Re8 21. Nb3 Rc7 22. Nc5 Qd6 23. Qg3 Rce7 24. Re2 a5 25. Rfe1 b6 26. Nd3 Qd7 27. Qg4 Nd8 28. Qf3 Nf7 29. h3 Nd6 30. Nf2 f5 31. Nd3 Ne4 32. Ne5 Qc7 33. Qd3 1/2-1/2